000 005910000a22001810004500
003 MACL
005 20160525161920.0
008 160525b xxu||||| |||| 00| 0 eng d
040 _aMACL
_cMACL
041 _aHindi
082 _a891.433 DAT
100 _aदत्‍त, एस. सी
_959227
245 _aअन्‍तरिक्ष की दुनिया में
_b3
_cएस. सी. दत्‍त
260 _bसहयाेग प्रकाशन
_c1998
_aनई दिल्‍ली
350 _a60
650 _aNovel
_959541
942 _cHIN
_k891.433/DAT/N
_2ddc
999 _c11924
_d11924